Type hexamethylenetetramine dinitrophenylhydrazone - Statistics

General Stats
  • This quiz has been taken 32 times
  • The average score is 29 of 44
Answer Stats
Hint Answer % Correct
. a
100%
. e
100%
. e
100%
. h
100%
. h
100%
. m
100%
. t
100%
. x
100%
. y
100%
. e
93%
. e
93%
. l
93%
. n
93%
. e
86%
. r
86%
. t
86%
. t
86%
. a
71%
. e
71%
. i
71%
. m
71%
. n
71%
. d
57%
. i
57%
. i
57%
. n
57%
. h
43%
. o
43%
. p
43%
. r
43%
. t
43%
. a
36%
. d
36%
. e
36%
. e
36%
. h
36%
. l
36%
. n
36%
. n
36%
. o
36%
. r
36%
. y
36%
. y
36%
. z
36%
No matching quizzes found
Score Distribution
Percent of People with Each Score
Percentile by Number Answered
Your Score History
You have not taken this quiz